Statistics for Premier League Winning Goalkeepers

Click here to take the quiz!

General Stats

  • This quiz has been taken 41 times
  • The average score is 6 of 9

Answer Stats

YearsAnswer% Correct
2005,2006,2010,2015Cech
100%
1993,1994,1996,1997,1999Schmeichel
92%
2007,2008,2009,2011Van Der Sar
84%
1998,2002Seaman
82%
2012,20104Hart
79%
2001,2003Barthez
63%
2015,2017Courtois
63%
2007,2008,2011Kuszczak
26%
2000,2001Van Der Gouw
26%

Score Distribution

Percentile by Number Answered

Percent of People with Each Score

Your Score History

You have not taken this quiz